00829cam a2200205 4500008004100000020001500041035001200056050002300068100003300091245015200124250001200276260004100288300004000329440003800369500005500407504002300462650003300485650005800518700004700576031002s1997 sp 000 0 spa u a8430929592 aa43214604aKJD1937 bB45 19971 aBelmonte Navarro, Joaquín.10aDerecho procesal laboral : bPrácticas ante los tribunales comentadas / cJoaquín Belmonte Navarro ; prólogo de J. Ignacio Ugalde González. a1a. ed. aMadrid, España : bTecnos, c1997. a244 páginas : bformas ; c24 cm. 0aColección Práctica jurídica aRecursos de la Dirección General de Bibliotecas. aIncluye índices 10aCortes de trabajo zEspaña20aLeyes de trabajo y legislación zEspaña xFormas.1 aUgalde González, J. Ignacio, eprólogo